| 000 | 005000000a22001810004500 | ||
|---|---|---|---|
| 003 | MACL | ||
| 005 | 20150726181638.0 | ||
| 008 | 150726b xxu||||| |||| 00| 0 eng d | ||
| 040 |
_aMACL _cMACL |
||
| 041 | _aEnglish | ||
| 082 | _a330/MRD | ||
| 100 |
_aMaddison, Angus _92754 |
||
| 245 |
_aThe World Economy _bVol 1 A Millennial Perspective Vol 2 Historical Statistics |
||
| 260 |
_bAcademic Foundation _c2007 _aNew Delhi |
||
| 350 | _a1295 | ||
| 650 |
_aEconomics _92755 |
||
| 942 |
_cBK _k330/MAD _2ddc |
||
| 999 |
_c42923 _d42923 |
||